Formula 1 - All Driver Numbers Post 2014! - Statistics

General Stats
  • This quiz has been taken 96 times
    70 since last reset
  • The average score is 76 of 138
Answer Stats
Driver Number Year Team Country Answer % Correct
3 2014-2022 Red Bull RacingRenault McLaren Australia Daniel Ricciardo
100%
1 2022 Red Bull Racing Netherlands Max Verstappen
100%
33 2014-2021* Red Bull Racing Netherlands Max Verstappen
100%
38 2014 Scuderia Toro Rosso (Test) Netherlands Max Verstappen
100%
1 2014 Red Bull Racing Germany Sebastian Vettel
100%
5 2015-2022 Scuderia FerrariAston Martin Cognizant F1 Team Germany Sebastian Vettel
100%
14 2014-18/2021- McLarenAlpine F1 Team Aston Martin Aramco Cognizant F1 Spain Fernando Alonso
97%
45 2021 Williams F1 Team (Test) USA Logan Sargeant
97%
10 2017- Scuderia Toro RossoRed Bull Racing Scuderia Alpha Tauri France Pierre Gasly
97%
11 2014- Force India F1 TeamRacing Point Red Bull Racing Mexico Sergio Perez
97%
16 2018- Sauber F1 TeamScuderia Ferrari Monaco Charles Leclerc
95%
32 2016 Scuderia Ferrari (Test) Monaco Charles Leclerc
95%
37 2017 Scuderia Ferrari (Test) Monaco Charles Leclerc
95%
7 2014-21 Scuderia FerrariSauber F1 Team
Alfa Romeo Racing
Finland Kimi Raikkonen
95%
18 2017- Williams F1 TeamRacing Point Aston Martin Cognizant F1 Team Canada Lance Stroll
95%
2 2023- Williams F1 Team USA Logan Sargeant
95%
45 2022 Williams F1 Team (Test) United States Logan Sargeant
95%
8 2014-20 Lotus F1 TeamHaas F1 Team France Romain Grosjean
95%
23 2019-20/2022- Scuderia Toro Rosso Red Bull Racing Williams F1 Team Thailand Alexander Albon
93%
20 2014-20/2022- Haas F1 Team Denmark Kevin Magnussen
93%
4 2019- McLaren United Kingdom Lando Norris
93%
47 2017-18 McLaren (Test) United Kingdom Lando Norris
93%
2 2017-18 McLaren Belgium Stoffel Vandoorne
93%
32 2014 McLaren (Test) Belgium Stoffel Vandoorne
93%
47 2017 McLaren Belgium Stoffel Vandoorne
93%
19 2014-17 Williams F1 Team Brazil Felipe Massa
91%
6 2014-16 Mercedes-AMG Petronas Germany Nico Rosberg
91%
22 2021- Scuderia Alpha Tauri Japan Yuki Tsunoda
91%
31 2014/2016-18/2020- Manor F1 Team MercedesForce India F1 Team Renault F1 Team Alpine F1 Team France Esteban Ocon
90%
45 2016 Force India F1 Team (Test) France Esteban Ocon
90%
9 2014-18 Sauber F1 Team Sweden Marcus Ericsson
90%
9 2021 Haas F1 Team RAF Nikita Mazepin
90%
21 2019 Mercedes-AMG Petronas (Test) RAF Nikita Mazepin
90%
21 2020/21 Mercedes-AMG Petronas (Test) Netherlands Nyck De Vries
90%
24 2022- Alfa Romeo Orlen China Zhou Guanyu
90%
37 2021 Alpine F1 Team (Test) China Zhou Guanyu
90%
45 2020 Renault F1 Team (Test) China Zhou Guanyu
90%
6 2020-2022 Williams F1 Team Canada Nicholas Latifi
88%
34 2017 Force India F1 Team (Test) Canada Nicholas Latifi
88%
19 2022 Mercedes-AMG Petronas Netherlands Nyck De Vries
88%
21 2023- Scuderia Alpha Tauri F1 Netherlands Nyck De Vries
88%
34 2022 Aston Martin Aramco Cognizant F1 (Test) Netherlands Nyck De Vries
88%
45 2022 Williams F1 Team (Test) Netherlands Nyck De Vries
88%
45 2022 Williams F1 Team Netherlands Nyck De Vries
88%
15 2014 Red Bull Racing (Test) Spain Carlos Sainz Jr.
86%
55 2015- Scuderia Toro Rosso Renault F1 Team McLaren Scuderia Ferrari Spain Carlos Sainz Jr
86%
13 2014-15 Lotus F1 Team Venezuela Pastor Maldonado
86%
17 2014 Marussia France Jules Bianchi †
84%
77 2014- Williams F1 TeamMercedes-AMG Petronas Alfa Romeo Racing Orlen Finland Valtteri Bottas
84%
36 2017 Sauber F1 Team Italy Antonio Giovinazzi
83%
99 2019-21, 2022 Alfa Romeo Racing Orlen Scuderia Ferrari (Test) HAAS F1 Team (Test) Italy Antonio Giovinazzi
83%
22 2014-17 McLaren United Kingdom Jenson Button
83%
26 2014-17/2019-20 Scuderia Toro Rosso Red Bull Racing Scuderia Alpha Tauri Alpine F1 Team (Test) RAF Daniil Kvyat
81%
27 2014-20/22/2023- Force India F1 TeamRenault F1 Team BWT Racing Point F1 Team Aston Martin Cognizant F1 Team Haas F1 Team Germany Nico Hulkenberg
81%
21 2014/2016 Sauber F1 TeamScuderia Ferrari (Test) Haas F1 Team Mexico Esteban Gutierrez
76%
35 2017 Force India F1 Team (Test) United Kingdom George Russell
76%
63 2019- Williams F1 Team Mercedes-AMG Petronas United Kingdom George Russell
76%
36 2021 Alpine F1 Team (Test) Australia Oscar Piastri
72%
81 2022/2023 Alpine F1 Team (Test)McLaren Australia Oscar Piastri
72%
40 2018 Williams F1 Team (Test) Poland Robert Kubica
72%
88 2019/2021 Williams F1 TeamAlfa Romeo Racing Orlen Poland Robert Kubica
72%
10 2014 Caterham Renault Japan Kamui Kobayashi
71%
37 2020 Scuderia Ferrari (Test) Germany Mick Schumacher
71%
47 2021- Scuderia Ferrari (Test)Haas F1 Team Germany Mick Schumacher
71%
51 2020- Haas F1 Team Brazil/USA Pietro Fittipaldi
71%
28 2017-18 Scuderia Toro Rosso New Zealand Brendon Hartley
69%
39 2017 Scuderia Toro Rosso New Zealand Brendon Hartley
69%
12 2015-16 Sauber F1 Team Brazil Felipe Nasr
67%
44 2014- Mercedes-AMG Petronas United Kingdom Lewis Hamilton
66%
35 2018 Williams F1 Team RAF Sergey Sirotkin
64%
37 2014 Williams F1 Team (Test) RAF Sergey Sirotkin
64%
40 2019 Renault F1 Team (Test) South Korea/United Kingdom Jack Aitken
57%
45 2018-19 Renault F1 Team (Test) South Korea/United Kingdom Jack Aitken
57%
89 2020 Williams F1 Team South Korea/United Kingdom Jack Aitken
57%
16 2016 Red Bull Racing (Test) Switzerland Sebastien Buemi
57%
25 2014 Scuderia Toro Rosso France Jean-Eric Vergne
55%
4 2014 Marussia United Kingdom Max Chilton
55%
28 2021 McLaren (Test) Mexico Patricio O’Ward
50%
30 2015-17 Lotus F1 TeamRenault F1 Team United Kingdom Jolyon Palmer
47%
25 2021 Red Bull Racing Estonia Juri Vips
47%
23 2014 Mercedes-AMG Petronas (Test) Germany/Mauritius Pascal Wehrlein
47%
24 2014 Mercedes-AMG Petronas (Test) Germany/Mauritius Pascal Wehrlein
47%
34 2014-15 Force India F1 Team (Test) Germany/Mauritius Pascal Wehrlein
47%
94 2016-17 Manor Mercedes F1Sauber F1 Team Germany/Mauritius Pascal Wehrlein
47%
40 2021 Scuderia Alpha Tauri (Test) New Zealand Liam Lawson
45%
42 2014 Marussia (Test) USA Alexander Rossi
41%
45 2014 Marussia (Test) USA Alexander Rossi
41%
53 2015 Manor Marussia F1 USA Alexander Rossi
41%
40 2017 Williams F1 Team United Kingdom Paul di Resta
41%
42 2014 Marussia (Test) Indonesia Rio Haryanto
40%
88 2016 Manor Mercedes F1 Indonesia Rio Haryanto
40%
98 2015 Manor Marussia F1 Team Spain Roberto Merhi
40%
50 2021 Haas F1 Team (Test) Israel/RAF Robert Schwartzman
40%
99 2014 Force India F1 Team Germany/Uruguay Adrian Sutil
33%
36 2014 Sauber F1 Team (Test) Netherlands Giedo van der Garde
31%
46 2014 Caterham F1 Team (Test) United Kingdom Will Stevens
31%
45 2014 Caterham F1 Team (Test) Germany Andre Lotterer
24%
30 2014 Lotus F1 Team (Test) France Charles Pic
24%
40 2022 Scuderia Alpha Tauri (Test) New Zealand Liam Lawson
24%
40 2021 Williams F1 Team (Test) Israel Roy Nissany
19%
38 2019 Scuderia Toro Rosso (Test) Japan Naoki Yamamoto
16%
24 2019 Red Bull Racing United Kingdom Dan Ticktum
14%
41 2014 Williams F1 Team (Test) United Kingdom Susie Wolff
14%
38 2021 Scuderia Ferrari (Test) Italy Antonio Fuoco
12%
34 2022 Aston Martin Aramco Cognizant F1 (Test) Brazil Felipe Drugovich
12%
28 2022 McLaren (Test) Spain Alexander Palou Montalbo
10%
37 2020 Alfa Romeo Orlen F1 (Test) United Kingdom Callum Ilott
10%
98 2021 Alfa Romeo Racing Orlen (Test) United Kingdom Callum Ilott
10%
82 2022 Alpine F1 Team (Test) Australia Jack Doohan
10%
36 2022 Oracle Red Bull Racing Estonia Juri Vips
10%
38 2017-18 Scuderia Toro Rosso (Test) Indonesia Sean Gelael
10%
41 2017 Williams F1 Team (Test) Italy Luca Ghiotto
9%
98 2022 Alfa Romeo Racing Orlen (Test) France Theo Pourchaire
9%
34 2016-17 Force India F1 Team (Test) Spain Alfonso Cellis Jr.
7%
34 2014 Force India F1 Team (Test) Spain Daniel Juncadella
7%
42 2015 Marussia (Test) Switzerland Fabio Leimer
7%
50 2018 Haas F1 Team (Test) Switzerland Louis Deletraz
7%
46 2014 Caterham F1 Team (Test) Netherlands Robin Frijns
7%
51 2016 Haas F1 Team (Test) USA Santino Ferrucci
7%
38 2015 Scuderia Toro Rosso (Test) Brazil Sergio Sette-Camara
7%
47 2019 McLaren (Test) Brazil Sergio Sette Camara
7%
22 2020 Mercedes-AMG Petronas (Test) Belgium Stoffel Vandoorne
7%
37 2014 Sauber F1 Team (Test) Hong Kong/Canada Adderley Fong
5%
26 2018 Red Bull Racing United Kingdom Jake Dennis
5%
36 2017 Sauber F1 Team (Test) Japan Nobuharu Matsushita
5%
41 2018 Williams F1 Team (Test) United Kingdom Oliver Rowland
5%
45 2019 McLaren (Test) United Kingdom Oliver Turvey
5%
47 2017 McLaren (Test) United Kingdom Oliver Turvey
5%
39 2022 Scuderia Ferrari (Test) Israel Robert Schwartzman
5%
28 2015 Scuderia Ferrari (Test) Italy Giuliano Alesi
3%
35 2017 Force India F1 Team (Test) Austria Lucas Auer
3%
34 2019/2021 Racing Point (Test)Aston Martin F1 Team (Test) United Kingdom Nick Yellolly
3%
33 2014 Lotus F1 Team (Test) United Kingdom Alex Lynn
2%
40 2017 Williams F1 Team (Test) United Kingdom Alex Lynn
2%
36 2017 Sauber F1 Team (Test) Sweden Gustav Malja
2%
42 2016 Manor Racing Mercedes F1 Team (Test) United Kingdom Jordan King
2%
46 2014 Marussia (Test) United Kingdom Jordan King
2%
36 2015 Sauber F1 Team (Test) Italy/Switzerland Raffaele Marciello
2%
No matching quizzes found
Score Distribution
Percent of People with Each Score
Percentile by Number Answered
Your Score History
You have not taken this quiz since the last reset